[Event "Biel Credis"]
[Site "Biel"]
[Date "1996.??.??"]
[Round "7"]
[White "Campora, Daniel Hugo"]
[Black "Peptan, Corina Isabela"]
[Result "0-1"]
[WhiteElo "2545"]
[BlackElo "2395"]
[Annotator "King,D"]
[PlyCount "66"]
[EventDate "1996.07.22"]
[EventType "tourn"]
[EventRounds "11"]
[EventCountry "SUI"]
[EventCategory "10"]
[SourceTitle "CBM 055"]
[Source "ChessBase"]
[SourceDate "1996.12.01"]
[SourceVersion "1"]
[SourceVersionDate "1996.12.01"]
[SourceQuality "1"]

1. b4 e6 2. Bb2 Nf6 3. a3 b6 4. Nf3 Bb7 5. e3 c5 6. bxc5 bxc5 7. Be2 Be7 8. O-O
O-O 9. d3 d6 10. Nbd2 Nbd7 11. Nc4 Rb8 12. Bc3 Nb6 13. Na5 Na4 14. Nxb7 Rxb7
15. Bd2 Nd5 16. Qe1 Bf6 17. d4 cxd4 18. exd4 e5 19. c4 e4 20. Bd1 exf3 21. Bxa4
fxg2 22. Kxg2 Nb6 23. Bc2 Re7 24. Qd1 Bxd4 25. Rc1 Re6 26. Qg4 Qa8+ {A shot
that kills White's counterplay. Given that the ending after} 27. Kh3 (27. Qf3
Qxf3+ 28. Kxf3 Nxc4 {is so unappealing, White is forced to improvise, with
disastrous consequences.}) 27... Nxc4 28. Bxh7+ Kxh7 29. Rxc4 Rg6 30. Bg5 Bf6
31. Qh5+ Kg8 32. Rg1 Qd5 33. Rh4 Qd3+ (33... Qd3+ 34. Rg3 Qf1+ 35. Rg2 Qxg2+
36. Kxg2 Rxg5+) 0-1

[Event "Krynica zt"]
[Site "Krynica"]
[Date "1998.09.06"]
[Round "5"]
[White "Vokac, Marek"]
[Black "Badea, Bela"]
[Result "0-1"]
[WhiteElo "2525"]
[BlackElo "2530"]
[Annotator "Lukacs,P"]
[PlyCount "104"]
[EventDate "1998.09.02"]
[EventType "swiss"]
[EventRounds "9"]
[EventCountry "POL"]
[SourceTitle "CBM 067"]
[Source "ChessBase"]
[SourceDate "1998.11.30"]
[SourceVersion "2"]
[SourceVersionDate "1998.11.01"]
[SourceQuality "1"]

1. b4 {The Orangutan Opening is not a frequent guest in top level chess.} e5 2.
Bb2 Bxb4 3. Bxe5 Nf6 4. e3 {This is a bit passive.} (4. c4 $142 O-O 5. e3 (5.
Nf3 d5) 5... d5 6. cxd5 (6. Nf3 c5 $1 7. cxd5 (7. Be2 Nc6 8. Bb2 d4 {Now the
b2 B is killed.} 9. a3 Ba5 10. Qc2 Re8 11. O-O Qd6 $15) 7... Nxd5 8. Be2 Nc6 9.
Bb2 Bf5 $1 {Black has a strong control over the [+].} (9... Bg4 10. O-O Qe7 11.
Qc2 Rfd8 12. a3 Ba5 13. Rc1 b6 $13 {Miralles-Gulko, Marseille 1986}) 10. O-O
Rc8 11. d3 (11. Na3 a6 $1 {/\ b5}) (11. Nc3 Ba5 (11... Nxc3 $11) 12. Nxd5 Qxd5
13. d3 Qd6 14. Rc1 b5 $1 $15 {The B on e2 is very passive, and Black's \<< |^
is dangerous as well.}) 11... Bg6 12. a3 Ba5 $13) 6... Nxd5 7. Nf3 Re8 8. Bb2 {
White has to play carefully.} (8. Be2 $6 {was severely punished after} Rxe5 $1
9. Nxe5 Qf6 10. O-O (10. f4 Nxe3 $19 {Lindkvist-Sorenfors, corr 1975}) 10...
Qxe5 11. d4 Qe7 12. Bf3 c6 13. Qc2 Be6 14. Nd2 Nd7 15. Nc4 N5b6 16. Nxb6 Nxb6
$19 {Groszpeter-Lukacs, Kecskemet 1979}) 8... Nf4 9. Qc2 (9. Qa4 Na6 $1 {/\ Nc5
}) 9... Nc6 {White is suffering from the lack of development and his K is in
the middle.} 10. g3 $2 {is a final mistake:} Qd5 $1 11. gxf4 Qxf3 12. Rg1 Rxe3+
$19) 4... O-O 5. Nf3 d5 (5... Re8 6. Be2 d5 7. O-O c5 8. c4 Nc6 9. d4 cxd4 10.
exd4 Bg4 11. Qb3 Rc8 12. a3 Bf8 13. cxd5 Nxd5 {White's isolated P is not easy
to compensate. Black has a strong control over >< d5.} 14. Bd1 Na5 15. Qd3 Nc4
$15 {Saradjan-Panchenko, Ljubljana op 1992}) 6. Be2 c5 7. O-O $6 (7. c4 $142 {
to fight for the [+] by any means.}) 7... Nc6 8. Bg3 $2 (8. Bb2 d4 $1 9. a3 Ba5
) 8... d4 $17 {Now Black has a strong [+] and the space advantage. White's
strategy was against all principles.} 9. Bh4 (9. Bb5 Bg4 10. Bxc6 bxc6 11. d3
Nd5 $17) 9... Qd6 (9... h6 $5) 10. Qc1 $2 (10. d3 Nd5 $17) 10... Bf5 11. Qb2
Ne4 $19 {White cannot finish his development, and Black's centralized pieces
dominate the board.} 12. Bd3 (12. a3 Ba5 13. Qxb7 $2 {Hunting for b P is not
healthy in a sad position like that.} Rab8 14. Qa6 Rb6 15. Qc4 (15. Qd3 Bg6)
15... Be6 16. Qd3 f5 $19) 12... a6 13. a4 Qd7 14. Qc1 (14. Re1 Rfe8) 14... Rfe8
15. Na3 {Finally the N may come out.} Rab8 16. Bxe4 (16. Nc4 b5) 16... Bxe4 17.
Qd1 Bxf3 18. Qxf3 Bxd2 {Perhaps it would be better to begin with 1.d4...} 19.
Bg3 Rbd8 20. Nc4 Bc3 21. Rab1 Qe7 22. e4 f6 $1 $19 {Black is a healthy P up.} (
22... Qxe4 {gave some small chances for White after} 23. Qxe4 Rxe4 24. Rxb7 Re2
25. Rc7 Nb4 26. Rxc5 Nxc2 27. Ne5) 23. Nb6 Nb4 24. Qh5 g6 25. Qf3 Qxe4 26. Qxf6
Qe6 27. Qxe6+ Rxe6 28. Bc7 Rde8 29. Nd7 Rc8 30. Nxc5 Rc6 31. Ba5 Nxc2 32. Nxb7
Rb8 33. g3 Na3 34. Rb3 Nc4 35. Bxc3 dxc3 36. Rc1 Nd2 37. Rbxc3 Rxc3 38. Rxc3
Rxb7 39. Rc6 a5 40. Rc5 Nb3 41. Rc3 Kf7 42. Kg2 Ke6 43. h4 Kd5 44. Rc8 Ra7 45.
Rd8+ Kc4 46. h5 gxh5 47. f4 Nc5 48. Rc8 Kb4 49. Kf3 Nxa4 50. Ke4 Nc3+ 51. Ke5
a4 52. Rb8+ Nb5 0-1

[Event "Villa Martelli"]
[Site "Villa Martelli"]
[Date "1998.05.27"]
[Round "8"]
[White "Zarnicki, Pablo Adrian"]
[Black "Rojas Keim, Luis Alberto"]
[Result "1-0"]
[WhiteElo "2515"]
[BlackElo "2455"]
[Annotator "Lukacs,P"]
[PlyCount "93"]
[EventDate "1998.05.??"]
[EventType "tourn"]
[EventRounds "9"]
[EventCountry "ARG"]
[EventCategory "9"]
[SourceTitle "CBM 065"]
[Source "ChessBase"]
[SourceDate "1998.08.06"]
[SourceVersion "1"]
[SourceVersionDate "1998.08.06"]
[SourceQuality "1"]

1. g3 d5 2. Bg2 c6 3. d3 Nf6 (3... Bg4 $5 {is more flexible than in the game
continuation after 3...Nf6 4.Nd2 Bg4. Here the B can escape sometimes with
f7-f6 and Bf7. On the other hand he can also play with Bd6 and Ne7.} 4. h3 Bh5
5. f4 {This setup resembles to the Dutch Leningrad Variation.} (5. Nf3 Nf6 {or}
(5... Nd7 {leads to the normal Reti lines with the N on f3.})) 5... e6 6. Nd2 (
6. Nf3 Bc5 $1 {against 0-0} 7. Nc3 (7. e4 dxe4 8. dxe4 Qxd1+ 9. Kxd1 f6 {
Here is the difference!} 10. Ke2 Ne7 $11 (10... Nd7 11. Be3 Ne7 $11 (11... f5
$6 12. e5 {leads to a huge space advantage for White, and the Pe6 is also weak.
} Ne7 13. c4 g5 14. Nbd2 gxf4 15. gxf4 O-O-O 16. Rhg1 Bxe3 17. Kxe3 Nc5 18. Nd4
$16 {Norwood-Shirov, BL 1994}))) (7. Nbd2 {- 6.Nd2}) 7... Ne7 8. e4 dxe4 9.
dxe4 Qxd1+ 10. Nxd1 f6 $13 {- Hickl-Chernin, Altensteig 1990 CBM 20}) 6... Bc5
$1 7. Ngf3 Qb6 {>< /^g1-a7} 8. g4 Bf2+ 9. Kf1 Bg6 10. Nb3 Be3 11. Bxe3 Qxe3 12.
Qd2 Qb6 $13 {Slipak-L.Bronstein, Buenos Aires 1993}) 4. Nd2 {This is a tricky
move-order!} (4. Nf3 Bg4 {leads to tha main lines of the Reti Opening.}) 4...
Bg4 $6 {Here this B move is not precise, because now White can successfully
chase him.} (4... e5 $11 {is the correct reply with equal chances.}) 5. h3 Bh5
(5... Bf5 $6 {losing another tempo is not impressive!} 6. e4 $1 dxe4 7. dxe4
Be6 8. Ngf3 Na6 9. O-O Qa5 10. Nd4 O-O-O 11. Nxe6 $16 {L.Stein-Book, Tallin
1969}) (5... Bd7 $5 {is not very natural either!} 6. e4 (6. Ngf3 $5) 6... dxe4
7. dxe4 g6 8. Ngf3 (8. Ne2 Qc8 9. Nf4 Bg7 10. e5 Nd5 11. Nf3 (11. Nxd5 cxd5 12.
Bxd5 Bc6 $44) 11... O-O 12. g4 Na6 13. O-O Nxf4 14. Bxf4 Nc7 15. Qc1 Ne6 16.
Bh6 c5 {/\ Bc6 ~~ Minasian-Sherbakov, RUS-Cup Krasnodar 1997}) 8... Bg7 (8...
Qc8 9. Ne5 Be6 10. Nd3 Bg7 11. Nc5 $14 {and winning the ^^.}) 9. O-O O-O 10.
Qe2 Na6 11. e5 Nd5 12. Ne4 $14 {with irritating pressure in the [+].}) 6. f4 $1
{This is the point of White's setup waiting with the development of Ng1.} e6 7.
g4 (7. Ngf3 $143 Bxf3 8. Nxf3 Qb6 9. e3 Nbd7 10. O-O Bd6 11. d4 Ne4 12. g4 h5
13. g5 f6 $13 {Norwood-Amilkumar, Cacutta op. 1993}) 7... Bg6 {[#]} 8. e4 $1 {
The B on g6 is half-dead.} dxe4 9. dxe4 Bc5 10. Qe2 ({The B is in a great
trouble, but winning it immediately is not good:} 10. f5 $2 Nd5 $1 $19) 10...
O-O 11. Nb3 $1 (11. f5 $2 {is again met by a tactical response:} exf5 12. exf5
(12. gxf5 Bh5) 12... Bxf5 13. gxf5 Re8 14. Ne4 Nxe4 15. Bxe4 Qh4+ $19) (11.
Ngf3 Na6 {/\ Nb4}) 11... Bb6 $2 (11... Na6 $5 {was more persistant} 12. Nxc5 (
12. Bd2 Nd7 13. O-O-O (13. f5 $2 exf5 14. Nxc5 (14. exf5 Re8 15. Be4 Bxf5 16.
gxf5 Qh4+ $19) 14... Naxc5 15. exf5 Re8 16. Be3 Qe7 $44) 13... f6) 12... Nxc5
13. f5 exf5 14. exf5 Re8 15. Be3 Nd5 16. Bxd5 (16. O-O-O Rxe3 17. Rxd5 Qxd5 18.
Bxd5 Rxe2 19. Nxe2 cxd5 20. fxg6 hxg6 21. Rd1 Rd8 22. c4) 16... Qxd5 17. Nf3 (
17. Rh2 Qe5 18. Bxc5 Qxc5) 17... Qe4 18. Kf2 Bxf5 19. gxf5 Qxf5 $44) 12. Bd2
$16 (12. h4 $6 {is parried by} h5 $1 13. g5 Ng4) 12... a5 {/\ a5-a4} 13. a4 Re8
(13... Qc7 14. O-O-O (14. f5 $4 exf5 15. exf5 Re8 $19) 14... Re8 {-13...Re8} (
14... h6 15. f5 {Finally this move is working.} exf5 16. exf5 Re8 17. Qc4 Bh7
18. h4 $1 $16)) (13... h6 14. O-O-O) 14. O-O-O Qc7 15. Bf3 $1 (15. Qc4 Bxg1 16.
Rhxg1 b5 17. axb5 a4 $132) 15... c5 $6 {Not the best, although other moves
cannot make a miracle either:} (15... Nbd7 16. Qg2 h6 17. f5 exf5 18. exf5 Bh7
19. h4 $18) (15... Bxg1 16. Rhxg1 b5 17. Nc5 $18) 16. Qc4 h6 17. Ne2 Nc6 18.
Nc3 Rad8 19. Nb5 Qb8 20. e5 ({Not yet} 20. f5 $2 Ne5) 20... Nd5 21. Nd6 Rxd6
22. exd6 Qxd6 23. Rhe1 Rd8 24. f5 $1 $18 {Soon or later this move comes with a
great effect.} exf5 25. Bxa5 Nxa5 26. Nxa5 Bxa5 27. Rxd5 Qg3 28. Rxd8+ Bxd8 29.
Re8+ Kh7 30. Rxd8 Qxf3 31. gxf5 Bxf5 32. b3 Bxh3 33. Qxc5 h5 34. Rd3 Qf4+ 35.
Kb2 Bg4 36. Rd4 Qf3 37. a5 Qe3 38. b4 f5 39. b5 f4 40. a6 bxa6 41. bxa6 f3 42.
Qc3 Qe6 43. Qd3+ g6 44. Rb4 Qf6+ 45. Qc3 Qxa6 46. Rb8 Kh6 47. Qe3+ 1-0

[Event "RUS-Cup4"]
[Site "Perm"]
[Date "1997.??.??"]
[Round "8"]
[White "Yandemirov, Valeri"]
[Black "Sadvakasov, Darmen"]
[Result "0-1"]
[WhiteElo "2500"]
[BlackElo "2405"]
[Annotator "Mowsziszian,K"]
[PlyCount "80"]
[EventDate "1997.02.02"]
[EventType "swiss"]
[EventRounds "9"]
[EventCountry "RUS"]
[SourceTitle "CBM 058"]
[Source "ChessBase"]
[SourceDate "1997.06.01"]
[SourceVersion "1"]
[SourceVersionDate "1997.06.01"]
[SourceQuality "1"]

1. g3 e5 2. Bg2 Nf6 3. d3 d5 4. Nf3 Bd6 5. O-O O-O 6. c3 (6. c4 c6 7. cxd5 cxd5
8. Nc3 Nc6 9. Bg5 Be6 10. e4 dxe4 11. dxe4 Be7 12. Qa4 Qb8 13. h3 a6 14. Bxf6
Bxf6 15. Nd5 Bxd5 {1/2-1/2 Treppner,G-Pokern,N/BL 8182 (1982) ;BL 1982}) 6...
Re8 7. Qa4 $6 (7. Qc2) 7... Nbd7 8. Qc2 h6 9. a4 a5 10. Na3 $6 {Dem Springer
fehlt hier jegliche aktive Perspektive.} (10. Nbd2 $142 {/\e4,Te1,Sf1-e3})
10... c6 11. e4 Nf8 12. Re1 $6 (12. Bd2 $142) 12... Ng6 13. Bd2 Be6 14. b4 axb4
15. cxb4 Qd7 16. a5 Bh3 17. Qb1 Nh5 {/\Sgf4} 18. Bxh3 Qxh3 19. Kh1 Ngf4 20. Rg1
Ne2 $2 (20... Re6 $5) 21. Qd1 $1 Nd4 (21... Nxg1 22. Nxg1 Nxg3+ 23. fxg3 $14)
22. Nxd4 exd4 23. exd5 cxd5 24. Nb5 Rad8 25. Qf3 Nf6 26. Nxd6 (26. Nxd4 Ng4 27.
Qg2 Qxg2+ 28. Kxg2 Be5 29. Bc3 Rc8 30. Bb2 $14) 26... Rxd6 27. b5 (27. Rge1 $5)
27... Ng4 28. Qg2 Qh5 29. Rge1 Rxe1+ 30. Bxe1 (30. Rxe1 Qg6 31. h3 Nf6 32. Qf3
$14) 30... Qg6 31. b6 $2 (31. h3 Ne5 32. Bb4 Rd7 33. a6 (33. Bc5 Qxd3 34. a6
bxa6 35. bxa6 Qc3 $19) 33... bxa6 34. bxa6 Qb6) (31. Rd1 $5) 31... Qxd3 32. Kg1
Ne5 33. Bb4 Nf3+ 34. Kh1 Rc6 35. a6 $2 bxa6 36. b7 Rb6 37. Qh3 Qe4 38. Qc8+ Kh7
39. Kg2 Ng5+ 40. Kg1 Rxb4 (40... Rxb4 41. b8=Q Rxb8 42. Qxb8 Nh3+ 43. Kf1 Qh1+
44. Ke2 Qxa1 $19) 0-1

[Event "Bundesliga 9899"]
[Site "Germany"]
[Date "1999.04.17"]
[Round "14.3"]
[White "Tischbierek, Raj"]
[Black "Kempinski, Robert"]
[Result "0-1"]
[WhiteElo "2515"]
[BlackElo "2545"]
[Annotator "Mueller,Karsten"]
[PlyCount "64"]
[EventDate "1998.10.17"]
[EventType "team-tourn"]
[EventRounds "15"]
[EventCountry "GER"]
[SourceTitle "GER-chT"]
[Source "ChessBase"]
[SourceDate "1999.07.01"]
[SourceVersion "1"]
[SourceVersionDate "1999.07.01"]
[SourceQuality "1"]
[WhiteTeam "Dresden"]
[BlackTeam "Hamburger SK"]
[WhiteTeamCountry "GER"]
[BlackTeamCountry "GER"]

1. g3 d5 2. Bg2 Nf6 3. d3 g6 4. Nc3 Bg7 5. Bg5 $6 {in der Folge gibt Weiß das
Läuferpaar auf, was Schwarz sehr entgegen kommt.} h6 $1 6. Bxf6 Bxf6 7. Nf3 ({
Nach} 7. Nxd5 Bxb2 8. Rb1 Bg7 {wären die schwarzen Felder im weißen Lager
äußerst schwach.}) 7... c6 8. O-O Nd7 9. e4 dxe4 10. dxe4 h5 $5 11. Qe2 $6 Qa5
$1 {laut Robert Kempinski steht Schwarz bereits klar besser} 12. Rfe1 Ne5 (
12... Bxc3 13. bxc3 Qxc3 {kam natürlich auch in Betracht, doch warum sich vom
Läuferpaar trennen ?}) 13. Nxe5 Bxe5 14. Nd1 $6 Bg4 $1 {[#]} 15. f3 ({Die
Unterbrechung der Verbindung der Türme wird Weiß sowohl nach} 15. Qe3 $4 Bd4
$19 {als auch nach}) (15. Bf3 $4 Bxf3 $19 {zum Verhängnis.}) 15... Be6 16. c3
h4 17. f4 Bc7 18. b4 (18. Ne3 hxg3 19. hxg3 g5 {ist auch gut für Schwarz.})
18... Qa3 19. f5 Bb6+ 20. Kf1 (20. Kh1 $2 hxg3 $19) 20... Bd7 21. g4 h3 22. Bf3
a5 (22... O-O-O $5) 23. Rb1 axb4 24. Rxb4 Bc5 25. Rb2 (25. Rxb7 $5 Bc8 26. Rb3
(26. Rb2 Ba6 27. c4 Bxc4 28. Qxc4 Qxf3+ 29. Rf2 Bxf2 30. Qxc6+ Kf8 31. Qxa8+
Kg7 32. Qxh8+ Kxh8 33. Nxf2 {und Weiß kann sich möglicherweise halten.}) 26...
Qxa2 (26... Ba6 27. c4 Qa4 28. Nb2 Qxa2 29. Qc2 {ist nicht klar.}) 27. Qxa2
Rxa2 28. Re2 {und Weiß steht nur leicht schlechter.}) 25... Qa5 26. e5 $2 (26.
Rxb7 $5 {war erneut zu prüfen.}) 26... gxf5 27. Rxb7 fxg4 28. e6 $6 gxf3 $1 $19
29. exd7+ (29. exf7+ Kf8 $19) 29... Kd8 30. Qc4 Rg8 31. Ne3 {[#]} (31. Nf2 Rg2
32. Nxh3 Rxh2 $19) 31... Bxe3 32. Rxe3 Qg5 $1 (32... Qg5 33. Rxf3 Qc1+ 34. Ke2
Rg2+ 35. Rf2 (35. Kd3 Qd2+ 36. Ke4 Rg4+ 37. Ke5 Qg5+ 38. Rf5 Qe3+ 39. Qe4 Qxe4#
) 35... Qc2+ $19) 0-1

[Event "Hoogovens-B"]
[Site "Wijk aan Zee"]
[Date "1998.01.23"]
[Round "4"]
[White "Kuijf, Marinus"]
[Black "Reinderman, Dimitri"]
[Result "0-1"]
[WhiteElo "2460"]
[BlackElo "2480"]
[Annotator "Mueller,Karsten"]
[PlyCount "58"]
[EventDate "1998.01.20"]
[EventType "tourn"]
[EventRounds "11"]
[EventCountry "NED"]
[EventCategory "10"]
[SourceTitle "CBM 063"]
[Source "ChessBase"]
[SourceDate "1998.03.26"]
[SourceVersion "1"]
[SourceVersionDate "1998.03.26"]
[SourceQuality "1"]

1. e4 d5 2. Nc3 dxe4 3. Nxe4 Nd7 4. Bc4 Ndf6 5. Ng5 e6 6. N1f3 h6 7. Nxf7 $2 {
reizt zu hoch,} (7. Nh3 {war notwendig.}) 7... Kxf7 8. Ne5+ Ke8 9. d4 (9. Be2
$5 h5 (9... Qd5 $5 10. Bh5+ g6 11. Bxg6+ Ke7 $17) 10. Ng6 Rh7 11. d4 Bd6 {
und auch hier sollte die weiße Kompensation nicht ausreichen.}) 9... Ne7 10. c3
Nf5 11. Qb3 Nd5 12. Qd1 Rg8 13. O-O (13. Qh5+ g6 14. Qe2 (14. Nxg6 $2 Nf6 $19)
14... c6 $17) 13... Bd6 14. Re1 Bxe5 15. Rxe5 c6 16. Bd3 Kf7 17. Bd2 Rf8 18.
Qh5+ Kg8 19. Rf1 Bd7 20. Qh3 Qf6 21. g4 Nh4 22. f4 Ng6 23. g5 $2 (23. Re4 $17)
23... Ngxf4 $1 24. Qh4 hxg5 25. Qh7+ Kf7 26. c4 Rh8 27. Qe4 Qh6 28. Rf2 Nf6 29.
Qf3 Nh3+ 0-1

[Event "Nordic-ch VISA"]
[Site "Reykjavik"]
[Date "1997.10.15"]
[Round "7"]
[White "Thorhallsson, Throstur"]
[Black "Westerinen, Heikki MJ"]
[Result "1-0"]
[WhiteElo "2510"]
[BlackElo "2410"]
[Annotator "Mueller,Karsten"]
[PlyCount "93"]
[EventDate "1997.10.08"]
[EventType "tourn"]
[EventRounds "13"]
[EventCountry "ISL"]
[EventCategory "10"]
[SourceTitle "CBM 062"]
[Source "ChessBase"]
[SourceDate "1998.01.31"]
[SourceVersion "1"]
[SourceVersionDate "1998.01.31"]
[SourceQuality "1"]

1. e4 d5 2. Nc3 dxe4 3. Nxe4 Bf5 (3... Qd5 $5 {wäre ein Versuch, die Partie in
skandinavisches Gewässer zu lenken.}) 4. Ng3 Bg6 5. h4 h6 6. Nf3 (6. Bc4 e6 7.
d3 Nf6 8. N1e2 e5 9. Nc3 Nbd7 10. Qf3 c6 11. h5 Bh7 12. Bd2 Qc7 13. Nf5 $14 {
Baumhus,R-Hermann,M/BL9697 1996/BL9697/1/2-1/2 (71)}) (6. d4 e6 7. Nf3 Nd7 8.
h5 Bh7 9. Bd3 Bxd3 10. Qxd3 Ngf6 11. Bd2 {und nun zeigt sich, daß Schwarz im
Vergleich zu Caro-Kann mit Lf5 ein Tempo eingespart hat:} c5 $11 {Kivisto,
M-Westerinen,H/FIN-ch 1986/EXT 86ch2 (28)}) 6... Nd7 7. d4 Ngf6 $6 ({besser ist
} 7... e6 {um die Einengung mit d4-d5 zu verhindern.}) 8. h5 Bh7 9. d5 $1 Rc8
10. c3 c6 (10... Nb6 11. Bb5+ c6 12. dxc6 Qxd1+ 13. Kxd1 bxc6 14. Ba6 Rd8+ 15.
Ke2 $14) 11. dxc6 Rxc6 12. Be3 e6 13. Qb3 Bc5 14. Bb5 (14. Qxb7 $2 {einen
solchen Bauern sollte man nicht nehmen, z.B.} Rb6 15. Qxa7 Bxe3 16. fxe3 Rxb2 {
und die weiße Stellung macht keinen guten Eindruck.}) 14... Bxe3 $5 {Heikki
Westerinen läßt sich nicht lumpen und bringt ein interessantes (wohl nicht
ganz korrektes) Qualitätsopfer. Mir ist allerdings nicht ganz klar, warum nicht
} (14... Rc8 {kam, z.B.} 15. Bxc5 Rxc5 16. Rd1 Qb6 $13) 15. Bxc6 Bxf2+ 16. Kxf2
bxc6 17. Rad1 $6 (17. Qb7 $1 Qb6+ (17... O-O $2 18. Qxa7 $16 (18. Qxc6 $2 Qb8
$1 $17)) 18. Qxb6 axb6 19. Rhe1 $14) 17... Qc7 $1 18. Qb4 c5 19. Qh4 O-O 20.
Rhe1 c4 21. Kg1 Bd3 $1 $15 {[%cal Gf8b8,Gd7c5,Gc5a4,Gc5e4,Gc5d3]} 22. Rd2 Rb8
23. Nd4 Nc5 24. Rf2 Na4 25. Re3 Rxb2 26. Rxf6 $5 {auch Thorhallsson steckt
nicht zurück...} gxf6 27. Qxf6 Rb1+ $6 {ein kritischer Moment. Andere
Möglichkeiten:} (27... Nxc3 $5 {es klingt überraschend, aber ich habe keinen
Ausgleich mehr für Weiß finden können:} 28. Nxe6 (28. Ngf5 $4 Rb1+ 29. Kf2 Rf1#
) (28. Qxh6 $2 Nd5 29. Qg5+ (29. Ndf5 Rb1+ 30. Kf2 Qf4+ $19) 29... Kh7 30. Nxe6
fxe6 31. Rxe6 Rxg2+ $3 32. Kh1 (32. Kxg2 Nf4+ $19) 32... Qg7 $19) 28... fxe6
29. Rxe6 Qc5+ 30. Kh2 Qf8 31. Qe5 (31. Qxc3 $2 Qf2 $19) 31... Rb5 $1 32. Qxc3
Qf4 33. Qf6 Rxh5+ 34. Kg1 Qxf6 35. Rxf6 Rc5 $17) (27... Kh7 $2 28. Nxe6 fxe6
29. Rxe6 $18) (27... Rb8 28. Rf3 $40) 28. Kh2 Rf1 (28... Nxc3 $2 29. Nxe6 $1 (
29. Qxh6 $2 Rb7 $1 {und ich glaube nicht, daß der weiße Angriff durchschlägt.}
(29... Rb8 $2 30. Qg5+ Kh8 31. Qf6+ Kh7 32. Nxe6 $1 fxe6 33. Rxe6 Nd5 34. Qh6+
Kg8 35. Qg5+ {sieht gefährlich für Schwarz aus. Allerdings gibt ihm sein
c-Freibauer noch gewisse Gegenchancen.})) 29... fxe6 30. Rxe6 Qf7 31. Qe5 $16)
29. Nf3 (29. Qxh6 $2 {kann nun mit} Qf4 $1 {beantwortet werden.}) 29... Nc5 (
29... Kh7 30. Kh3 Rf2 31. Ng5+ hxg5 32. Qxf2 Nxc3 $13) 30. Qxh6 Ne4 31. Rxe4
Bxe4 32. Qg5+ Kf8 $2 (32... Kh7 $1 33. Qf6 (33. Ne5 $2 Rf5 $1 $19) 33... Bxf3
34. gxf3 (34. h6 Rh1+ 35. Kxh1 Qxg3 36. Qxf7+ Kxh6 $11) 34... Re1 (34... Kg8
35. h6 Rh1+ 36. Kxh1 Qxg3 37. h7+ Kxh7 38. Qxf7+ Qg7 $11) 35. f4 Qd6 36. Qxf7+
Kh8 37. Kh3 Qd3 $11) 33. Nd2 $1 Rf4 (33... Bxg2 $5 34. Ndxf1 Bxf1 35. h6 Bd3
36. Qg7+ Ke7 37. h7 Bxh7 38. Qxh7 $16) 34. Ndxe4 Rxe4 35. h6 Re5 (35... f5 36.
Qg7+ Qxg7 37. hxg7+ Kxg7 38. Nxe4 fxe4 39. Kg3 $18) 36. Qg7+ Ke7 37. Kh3 $1 Rb5
38. h7 Rb8 39. h8=Q Rxh8+ 40. Qxh8 Qc5 41. Qh4+ Ke8 42. Qf4 f5 43. Ne2 Kf7 44.
Nd4 Qa3 45. Qc7+ Kf6 46. Qxc4 Qe7 47. Nc6 1-0

[Event "Budapest"]
[Site "Budapest"]
[Date "1991.??.??"]
[Round "2"]
[White "Rogers, Ian"]
[Black "Lukacs, Peter"]
[Result "1-0"]
[WhiteElo "2545"]
[BlackElo "2460"]
[Annotator "Rogers,I"]
[PlyCount "59"]
[EventDate "1991.11.??"]
[EventType "tourn"]
[EventRounds "13"]
[EventCountry "HUN"]
[EventCategory "8"]
[SourceTitle "EXT 1997"]
[Source "ChessBase"]
[SourceDate "1996.11.15"]
[SourceVersion "1"]
[SourceVersionDate "1996.11.15"]
[SourceQuality "1"]

1. Nc3 $5 d5 2. e4 {Lukacs is a leading opening theoretician but his
repertoire is rather limited so White's opening is designed to force a
transposition into an opening with which he might not be familiar.} dxe4 3.
Nxe4 Nd7 4. d4 Ngf6 5. Nxf6+ Nxf6 6. Nf3 Bf5 7. c3 e6 8. Ne5 Be7 (8... c6 {
transposing to a Caro-Kann Defence, would be a mistake due to} 9. g4 $1 Bg6 10.
h4 $1 {embarrassing the bishop, a theme which White successfully uses later in
the game.}) 9. Qb3 Qc8 10. Be2 O-O $6 11. g4 $1 Be4 12. f3 Bd5 13. c4 Bc6 14.
Bf4 $1 Qe8 15. Nxc6 Qxc6 16. O-O-O Bd6 17. Bg3 a6 18. Kb1 Rab8 19. g5 Ne8 $2 ({
White's space advantage and bishop pair give White a clear advantage but Black
could still have hoped to hold up White's attack with} 19... Nh5 20. f4 $1 g6
$1) 20. Bd3 $1 g6 21. Be4 Qd7 22. c5 Bxg3 ({Black is forced to open the h file
as} 22... Be7 23. c6 $1 {would be horrible.}) 23. hxg3 c6 24. g4 Nc7 25. Qc2 f5
26. gxf6 Rxf6 27. Rh6 $1 Rbf8 28. Rdh1 Rxf3 $5 29. Bxf3 Rxf3 {Tiring of futile
passive defence, Black hopes to catch White in a trap. Fortunately White can
counter with his own queen sacrifice.} 30. Qxg6+ $1 (30. Rxh7 $2 Qxh7 $1 31.
Rxh7 Rf1+ {and Black wins.}) ({After} 30. Qxg6+ $1 hxg6 31. Rh8+ Kf7 32. R1h7+
Kf6 33. Rxd7 {Black must lose his knight or rook.}) 1-0